Formación ética y ciudadana 9 /
Guardado en:
| Autor Principal: | |
|---|---|
| Otros Autores: | , , , , , |
| Formato: | Libro |
| Publicado: |
Buenos Aires :
Santillana,
2005
|
| Series: | Todos protagonistas
|
| Materias: | |
| Etiquetas: |
Agregar Etiqueta
Sin Etiquetas, Sea el primero en etiquetar este registro!
|
| LEADER | 01517nam a22003615a 4500 | ||
|---|---|---|---|
| 001 | CEM.cems012687 | ||
| 005 | 20100714095550.0 | ||
| 008 | 130507s2005##################000#0#####d | ||
| 003 | CEMS | ||
| 020 | |a 9504615376 | ||
| 082 | 0 | 4 | |a Z320 |
| 100 | 1 | |a Mérega, Herminia | |
| 245 | 1 | 0 | |a Formación ética y ciudadana 9 / |c Dirección de Herminia Mérega |
| 260 | |a Buenos Aires : |b Santillana, |c 2005 | ||
| 300 | |a 144 p. | ||
| 490 | 0 | |a Todos protagonistas | |
| 500 | |a Para 9°año Egb | ||
| 505 | 0 | |a Qué es la política -- La sociedad y el Estado -- La participación política -- Los partidos políticos -- Los medios de comunicación y la opinión pública -- Los Estados se relacionan -- Vivir en un mundo global -- Los problemas de un mundo globalizado | |
| 653 | |a Formación ética y ciudadana-9º egb | ||
| 653 | |a Formación ética y ciudadana | ||
| 653 | |a Política | ||
| 653 | |a Estado | ||
| 700 | 1 | |a Dossi, Marina V. | |
| 700 | 1 | |a Kandel, Victoria N. | |
| 700 | 1 | |a Luzzani, Telma A. | |
| 700 | 1 | |a Montenegro, Silvina I. | |
| 700 | 1 | |a Sagol, Cecilia | |
| 700 | 1 | |a Sanguinetti, Juan Santiago | |
| 859 | |a CEMS |b BIB. CEMS - 11 de abril |h Z320 |i M559 |p 24025.07 |t Ej.1 |v 9º |3 9º | ||
| 859 | |a CEMS |b BIB. CEMS - 11 de abril |h Z320 |i M559 |p 24026.07 |t Ej.2 |v 9º |3 9º | ||
| 859 | |a CEMS |b BIB. CEMS - 11 de abril |h Z320 |i M559 |p 24027.07 |t Ej.3 |v 9º |3 9º | ||
| 859 | |a CEMS |b BIB. CEMS - 11 de abril |h Z320 |i M559 |p 24028.07 |t Ej.4 |v 9º |3 9º | ||
| 859 | |a CEMS |b BIB. CEMS - 11 de abril |h Z320 |i M559 |p 24029.07 |t Ej.5 |v 9º |3 9º | ||
